Songs Starting With "Mr/Mrs/Ms" - Statistics

General Stats
  • This quiz has been taken 26 times
  • The average score is 4 of 13
Answer Stats
Artist/Band Song % Correct
Electric Light Orchestra Mr. {Blue Sky}
68%
The Killers Mr. {Brightside}
68%
Simon & Garfunkel Mrs.{Robinson}
68%
OutKast Ms. {Jackson}
60%
Bob Dylan Mr. {Tambourine Man}
40%
Shaggy Mr. {Boombastic}
28%
The Chordettes Mr. {Sandman}
20%
Alexandra Stan Mr.{Saxobeat}
16%
Ne-Yo Ms. {Independent}
12%
The Beatles Mr. {Moonlight}
8%
Herman's Hermits Mrs. {Brown You've Got A Lovely Daughter}
4%
Madness Mr. {Apples}
0%
King Gizzard & The Lizard Wizard Mr. {Beat}
0%
No matching quizzes found
Score Distribution
Percent of People with Each Score
Percentile by Number Answered
Your Score History
You have not taken this quiz